| 000 | 02333cas a2200625 4500 | ||
|---|---|---|---|
| 999 |
_c4771 _d4771 |
||
| 001 | 013092325 | ||
| 003 | ALUPE UNIVERSITY | ||
| 005 | 20220329094342.0 | ||
| 008 | 750206c19749999pauqr p 0 a0eng | ||
| 010 | _asn 81001203 | ||
| 016 |
_aC27480000 _2DNLM |
||
| 016 |
_a7501306 _2DNLM |
||
| 020 | _a- | ||
| 022 | 0 |
_a0095-5108 _y0085-5108 |
|
| 030 | _aCLPEDL | ||
| 032 |
_a001744 _bUSPS |
||
| 035 | _a(OCoLC)1162647 | ||
| 035 | _a(DLC)sn81001203 | ||
| 035 | _a(UkLCURL)98sn81001203 | ||
| 037 | _bW.B. Saunders Co., 210 West Washington Square, Philadelphia, PA 19105 | ||
| 040 |
_aDNLM _cDNLM _dNSDP _dOCoLC _dNSDP _dOCoLC _dNSDP _dOCoLC _dOCoLC _dNST _dAIP _dNST _dAIP _dNSDP _dNIC _dNST _dNSDP _dEbpS _dMH _dOCoLC _dICU _dOCoLC _dNSDP _dNLGGC _dOCoLC |
||
| 042 | _ansdp | ||
| 049 |
_ll _m+ |
||
| 050 |
_aRG524 _b.C55 1986 |
||
| 060 | 0 | 0 |
_aW1 _bCL831CH |
| 082 | 1 | 0 |
_a618 _211 |
| 092 | _a13092325 | ||
| 210 | 0 | _aClin. perinatol. | |
| 222 | 0 | _aClinics in perinatology | |
| 245 | 0 | 0 | _aClinics in perinatology. |
| 260 |
_aPhiladelphia, _bSaunders, _cc1986. |
||
| 300 |
_av. _bill. ; _c24 cm. |
||
| 310 |
_aQuarterly, _b<Sept. 1986-> |
||
| 362 | 0 | _aVol. 1, no. 1 (Mar. 1974)- | |
| 500 | _aPublished: Philadelphia, PA : Elsevier Health Sciences Division, <2005-> | ||
| 500 | _aPublished: Philadelphia, PA ; London : Saunders, <2007-> | ||
| 504 | _aIncludes index. | ||
| 510 | 2 |
_aChemical abstracts _x0009-2258 |
|
| 530 | _aAlso available on subscription via the Internet. | ||
| 650 | 0 |
_aFetus _xDiseases _vPeriodicals. |
|
| 650 | 0 |
_aObstetrics _vPeriodicals. |
|
| 650 | 0 |
_aNewborn infants _xDiseases _vPeriodicals. |
|
| 650 | 0 |
_aNewborn infants _vPeriodicals. |
|
| 650 | 2 |
_aFetal Diseases _vPeriodicals. |
|
| 650 | 2 |
_aFetus _vPeriodicals. |
|
| 650 | 2 |
_aInfant, Newborn _vPeriodicals. |
|
| 650 | 2 |
_aInfant, Newborn, Diseases _vPeriodicals. |
|
| 650 | 1 | 4 | _aPerinatale geneeskunde. |
| 942 |
_2lcc _cBK _nCM |
||